Shipment of machinery to Mare Island Navy-Yard. Letter from the Secretary of the Navy, transmitting, in response to resolution of the Senate of February 26, 1898, as to shipment of machinery from the Niles Tool Works, of Hamilton, Ohio, to Mare Island Navy-Yard, San Francisco, Cal., report of the Paymaster-General of the Navy relative thereto.

Bibliographic Details
Corporate Authors: United States. Congress. Senate. Committee on Naval Affairs, ProQuest (Firm)
Format: eBook
Language:English
Published: Washington : [publisher not identified], 1898.
Series:United States congressional serial set.
Subjects:
Online Access:Connect to the full text of this electronic book

MARC

Tag First Indicator Second Indicator Subfields
LEADER 00000cam a22000001a 4500
001 in00003016830
005 20190401194959.0
006 m o d
007 cr un mmmapmmp
008 070108s1898 dcu o f000 0 eng d
035 |a cis2004074221 
040 |a UMI  |c UMI  |d UtOrBLW 
043 |a n-us--- 
099 |a ProQuest Serial Set Number 3600 S.doc.170 
110 1 |a United States.  |b Congress.  |b Senate.  |b Committee on Naval Affairs. 
245 1 0 |a Shipment of machinery to Mare Island Navy-Yard. Letter from the Secretary of the Navy, transmitting, in response to resolution of the Senate of February 26, 1898, as to shipment of machinery from the Niles Tool Works, of Hamilton, Ohio, to Mare Island Navy-Yard, San Francisco, Cal., report of the Paymaster-General of the Navy relative thereto. 
246 1 |a Shipment of naval machinery over Canadian Pacific Railway 
264 1 |a Washington :  |b [publisher not identified],  |c 1898. 
300 |a 1 online resource. 
336 |a text  |b txt  |2 rdacontent 
337 |a computer  |b c  |2 rdamedia 
338 |a online resource  |b cr  |2 rdacarrier 
490 0 |a S.doc.170 
500 |a Record is based on bibliographic data in ProQuest U.S. Serial Set Digital Collection (last viewed Jan. 2007). Reuse except for individual research requires license from ProQuest, LLC. 
510 3 |a ProQuest U.S. Serial Set Digital Collection 
500 |a Electronic resource. 
610 2 0 |a Mare Island Naval Shipyard. 
650 0 |a Machinery industry. 
650 0 |a Railroads. 
655 7 |a Electronic books.  |2 local 
710 2 |a ProQuest (Firm) 
830 0 |a United States congressional serial set. 
856 4 0 |u http://proxy.library.tamu.edu/login?url=http://congressional.proquest.com/congcomp/getdoc?SERIAL-SET-ID=3600+S.doc.170  |z Connect to the full text of this electronic book  |t 0 
999 |a MARS 
999 f f |s 4da0076a-7ab6-3186-943b-5c4e3ee4fca5  |i e35d9f5a-e8be-38b5-bee6-45e3113ef325  |t 0 
952 f f |a Texas A&M University  |b College Station  |c Electronic Resources  |d Available Online  |t 0  |e ProQuest Serial Set Number 3600 S.doc.170  |h Other scheme 
998 f f |a ProQuest Serial Set Number 3600 S.doc.170  |t 0  |l Available Online